000 00518nam a2200205Ia 4500
005 20250324044441.0
008 240331s9999 xx 000 0 und d
020 _a0745012264
082 _a303.4
_bDEA
_21142
100 _aDean, H
100 _aTaylor-Gooby, P
245 0 _aDependency Culture:
_bThe Explosion of a Myth
260 _aNew York;
_aLondon,
_bHarvester Wheatsheaf
_c1992
300 _axi, 217 p.,
650 _aCulture
650 _aMyth
650 _aDependency
650 _aSociety
942 _cL
999 _c1205
_d1205